50 Famous Russian Artists by Famous Song - Statistics

General Stats
  • This quiz has been taken 48 times
  • The average score is 8 of 50
Answer Stats
Song Genre Artist % Correct
Звезда по имени Солнце Rock Kino
68%
Я сошла с ума (All the Things She Said) Pop t.A.T.u.
49%
Миллион роз Pop Alla Pugacheva
41%
Крошка моя Pop Ruki Vverh!
35%
Что такое осень Rock DDT
30%
Never Let You Go Pop Dima Bilan
30%
Рюмка водки на столе Rock Grigory Leps
30%
Тополиный пух Pop Ivanushki International
30%
Как на войне Rock Agatha Christie
27%
Сансара Hip-hop Basta
27%
Последнее письмо (Гудбай Америка) Rock Nautilus Pompilius
24%
Орбит без сахара Rock Splean
24%
Ариведерчи Rock Zemfira
24%
Младший лейтенант Pop Irina Allegrova
22%
Вокруг шум Hip-hop Kasta
22%
Белые розы Pop Laskovyi Mai
22%
Хару мамбуру Rock Nogu Svelo!
22%
Снег Pop Philipp Kirkorov
22%
Город золотой Rock Aquarium
19%
Поворот Rock Mashina Vremeni
19%
Утекай Rock Mumiy Troll
19%
Красное на чёрном Rock Alisa
16%
Чистые пруды Rock Igor Talkov
16%
Фраер Russian chanson Mikhail Krug
16%
Кони привередливые Bard Vladimir Vysotsky
16%
Страна Лимония Pop Duna
14%
Всё как у людей Hip-hop Noize MC
14%
Лирика Rock Sektor Gaza
14%
Верю я Rock Bravo
11%
Никто не услышит (Ой-йо) Rock Chaif
11%
American Boy Pop Kombinaciya
11%
90 Pop Monetochka
11%
Я - это ты Pop Murat Nasyrov
11%
Как молоды мы были Rock Alexander Gradsky
8%
Безобразная Эльза Rock Krematorij
8%
Летний дождь Pop Leonid Agutin
8%
Офицеры Pop Oleg Gazmanov
8%
Агент Hip-hop Oxxxymiron
8%
Мечты сбываются Pop Yuri Antonov
5%
Осенний джаз Pop Anzhelika Varum
3%
Весна Hip-hop Dolphin
3%
Это здорово! Pop Edita Piekha
3%
This World is Sick Experimental IC3PEAK
3%
Рыба Rock Leningrad
3%
Школьная пора Pop Tatiana Ovsiyenko
3%
Города Hip-hop Bad Balance
0%
Кровь, моя кровь Hip-hop Detsl
0%
Мгновения Pop Iosif Kobzon
0%
Любовь, комсомол и весна Pop Lev Leshchenko
0%
У тебя такие глаза Pop Maya Kristalinskaya
0%
No matching quizzes found
Score Distribution
Percent of People with Each Score
Percentile by Number Answered
Your Score History
You have not taken this quiz